000 00545cam a22002052a 4500
001 001437
003 AR-FADEU
008 311216n1966####xxu####################dd
092 _a303.482.54
_bM647
100 _aMiller, Delbert C., coaut
245 _aDe la Industria al Poder
260 _aBuenos Aires
260 _bLibrería
260 _c1966
300 _a145 p
700 _aEva, Chamorro Greca
700 _aJuan Carlos, Agulla
650 _aCORDOBA-ESTRUCTURA SOCIAL; INDUSTRIALIZACION-PODER; CORDOBA 1940-1960
942 _cBDGR
999 _c7275
_d7275